[Event "Medellin Aristizabal Cup"]
[Site "Medellin"]
[Date "2020.02.01"]
[Round "4"]
[White "Toro Castaneda, Miguel Angel"]
[Black "Lopez Posada, Nelson Eduardo"]
[Result "1-0"]
[WhiteElo "1945"]
[BlackElo "1677"]
[PlyCount "105"]
[EventDate "2020.01.29"]
[EventType "swiss"]
[EventRounds "7"]
[EventCountry "COL"]
[SourceTitle "CBM 194 Extra"]
[Source "ChessBase"]
[SourceDate "2020.03.31"]
[SourceVersion "1"]
[SourceVersionDate "2020.03.31"]
[SourceQuality "1"]

1. e4 g6 2. d4 d6 3. Nc3 Bg7 4. Be3 e6 5. Qd2 Nd7 6. Nge2 Ndf6 7. f3 a6 8. a3 b5 9. g4 h5 10. gxh5 Nxh5 11. 0-0-0 Bb7 12. Bh3 Ne7 13. Ng3 d5 14. Nxh5 Rxh5 15. Bg4 Rh8 16. h4 Qd7 17. Bg5 f6 18. Bf4 0-0-0 19. Bh3 Kb8 20. e5 fxe5 21. dxe5 Nf5 22. Bxf5 gxf5 23. Rdg1 d4 24. Nd1 Bxf3 25. Rh3 Bg4 26. Rhg3 Qd5 27. Nf2 Qa2 28. Qb4 Qd5 29. Bg5 Rd7 30. Nxg4 fxg4 31. Rxg4 Bxe5 32. Re1 d3 33. cxd3 Qxd3 34. Qe4 Bg3 35. Qxd3 Rxd3 36. Rxe6 Bd6 37. Bf6 Rh7 38. Re8+ Kb7 39. Rgg8 Rf7 40. Rb8+ Kc6 41. Bc3 Rf2 42. Ra8 Bf4+ 43. Kb1 Rh3 44. Rxa6+ Kb7 45. Ra5 Rxh4 46. Rxb5+ Kc6 47. Rf5 Rhh2 48. Bd4 Rf3 49. Rg6+ Kd7 50. Rf7+ Kc8 51. Rgf6 Rh1+ 52. Ka2 Rhf1 53. Be5 1-0

[Event "Medellin Aristizabal Cup"]
[Site "Medellin"]
[Date "2019.06.22"]
[Round "3"]
[White "Lopez Posada, Nelson Eduardo"]
[Black "Castano Herrera, Jeronimo"]
[Result "1-0"]
[WhiteElo "1680"]
[BlackElo "1500"]
[PlyCount "28"]
[EventDate "2019.06.21"]
[EventType "swiss"]
[EventRounds "7"]
[EventCountry "COL"]
[SourceTitle "EXT 2020"]
[Source "ChessBase"]
[SourceDate "2019.10.17"]
[SourceVersion "1"]
[SourceVersionDate "2019.10.17"]
[SourceQuality "1"]

1. e4 c5 2. Bc4 d6 3. d3 Nf6 4. h3 g6 5. Nc3 Bg7 6. Nge2 Nc6 7. a3 0-0 8. 0-0 Bd7 9. f4 a6 10. Ng3 b5 11. Ba2 Qb6 12. Bd5 Qc7 13. f5 b4 14. axb4 cxb4 1-0

[Event "Medellin Castro Memorial"]
[Site "Medellin"]
[Date "2015.05.01"]
[Round "3"]
[White "Lopez Posada, Nelson Eduardo"]
[Black "Soto, Miguel Angel"]
[Result "1/2-1/2"]
[WhiteElo "1760"]
[BlackElo "1969"]
[PlyCount "68"]
[EventDate "2015.04.30"]
[EventType "swiss"]
[EventRounds "7"]
[EventCountry "COL"]
[SourceTitle "CBM 166 Extra"]
[Source "ChessBase"]
[SourceDate "2015.06.18"]
[SourceVersion "1"]
[SourceVersionDate "2015.06.18"]
[SourceQuality "1"]

1. e4 c5 2. c4 d6 3. Nc3 Nc6 4. Nf3 Bg4 5. Be2 g6 6. d3 Bg7 7. Be3 Bxf3 8. Bxf3 e5 9. Qd2 a6 10. Nd5 Nd4 11. Bd1 b5 12. 0-0 Nf6 13. Bg5 h6 14. Bxf6 Bxf6 15. f4 Ra7 16. fxe5 Bxe5 17. g3 h5 18. Rb1 f6 19. b4 g5 20. a4 g4 21. bxc5 dxc5 22. cxb5 h4 23. b6 Rah7 24. b7 Qb8 25. Bxg4 hxg3 26. h3 Rf8 27. Rb6 Rxb7 28. Nxf6+ Rxf6 29. Rbxf6 Bxf6 30. Rxf6 Rb1+ 31. Rf1 Rxf1+ 32. Kxf1 Qb4 33. Bh5+ Kd7 34. Bg4+ Ke8 1/2-1/2